Wyniki Mistrzostw Świata 2018 (grupy od A do D) - Statystyki

Ogólne statystyki
  • Ten quiz został rozwiązany 1 050 razy
  • Średni wynik to 14 z 24
Statystyki odpowiedzi
Grupa A Wynik % Poprawnych
Rosja vs Arabia Saudyjska 5:0
96%
Egipt vs Urugwaj 0:1
83%
Portugalia vs Hiszpania 3:3
83%
Rosja vs Egipt 3:1
74%
Urugwaj vs Arabia Saudyjska 1:0
70%
Portugalia vs Maroko 1:0
67%
Iran vs Hiszpania 0:1
63%
Iran vs Portugalia 1:1
62%
Francja vs Australia 2:1
62%
Arabia Saudyjska vs Egipt 2:1
61%
Maroko vs Iran 0:1
60%
Urugwaj vs Rosja 3:0
58%
Argentyna vs Islandia 1:1
56%
Hiszpania vs Maroko 2:2
54%
Argentyna vs Chorwacja 0:3
53%
Peru vs Dania 0:1
51%
Dania vs Francja 0:0
48%
Nigeria vs Argentyna 1:2
48%
Chorwacja vs Nigeria 2:0
48%
Francja vs Peru 1:0
47%
Dania vs Australia 1:1
43%
Islandia vs Chorwacja 1:2
41%
Nigeria vs Islandia 2:0
39%
Australia vs Peru 0:2
31%
Nie znaleziono quizów pasujących do podanych kryteriów
Rozkład punktacji
Procent ludzi z każdym wynikiem
Percentyl według liczby udzielonych odpowiedzi
Twoja historia wyników
Nie rozwiązałeś tego quizu